Motív krajiny v gotickej tabuľovej maľbe na Slovensku

Podrobná bibliografia
Hlavný autor: Rusina, Ivan, 1944- (Autor)
Médium: Článok
Jazyk:slovenčina
Predmet:

MARC

LEADER 00000nab a2200000ua 4500
001 vtls010783298
003 SK-MaSNL
005 20260426071544.0
008 230131s1972 xo |||||||||||||||||slo|
035 |a (urnnbn)urn:nbn:sk:snk:ar-a01j5g 
035 |a (uuid)4608b4da-737c-4f79-a7fe-e6a4baf07f48 
035 |a urn:nbn:sk:snk-ab4eoy 
040 |a SNKBUCL  |b slo  |c SNKBUCL  |e AACR2 
041 0 |a slo 
044 |a xo  |c SK 
100 1 |a Rusina, Ivan,  |d 1944-  |4 aut  |9 89193 
245 1 0 |a Motív krajiny v gotickej tabuľovej maľbe na Slovensku  |c Ivan Rusina 
650 0 7 |a gotická tabuľová maľba  |2 SNKPH  |9 120836 
651 7 |a Slovensko  |2 SNKPH  |9 14231 
773 0 |t Vlastivedný časopis : časopis pre vlastivednú prácu, kultúrnu históriu, pamiatky a múzeá  |g Roč. 21, č. 2 (1972), s. 63-68 
954 |a odborná, vedecká literatúra pôvodná (slovenská)  |2 lita 
958 |a OND 
958 |a EUIPO 
958 |a article3 
999 |c 2679679  |d 2681609